000
00323 a2200157 4500
001
180345
020
_a
040
_c
Magnum
100
_a
Araujo, Maria Lysia Correa de
240
1
0
_a
O circulo
_l
por
245
1
0
_a
O circulo
362
0
_a
1899
440
1
_a
LĂȘ
697
_a
MAGNITO: J/CONFLITO/SONHOS
942
_c
BK
999
_c
180345
_d
180345